00375pab a2200145 454500008004000000100001700040245003800057260000900095300001100104362001100115650002500126650003300151650002500184773002000209180718b2004 xxu||||| |||| 00| 0 eng d aGupta, Gulab aAutonomy of Universities in India c2004 ap.1-9. a15 Mar aUniversities - India aEducational autonomy - India aEducational autonomy aUniversity News